| 000 | 01132nam a2200313 i 4500 | ||
|---|---|---|---|
| 003 | EG-GICUC | ||
| 005 | 20260329142556.0 | ||
| 008 | 260308s1992 ua ||||f |||| 00| 0 ara d | ||
| 017 | _a0991/9780 | ||
| 040 |
_a EG-GICUC _bara _c EG-GICUC _d EG-GICUC _erda |
||
| 043 | _aua# | ||
| 082 | 0 | 4 |
_221 _a345.0538 _bك و |
| 092 | 0 | 4 |
_221 _a345.0538 |
| 099 | _aLaw1 07 345.0538 ك و 1992 | ||
| 245 | 0 | 2 |
_aالكويت و تحديات مرحلة إعادة البناء / _cاحمد الخاجة...[واخ]. |
| 264 |
_aالقاهرة : _bمركز البحوث والدراسات السياسية، _c1992. |
||
| 300 |
_a387 صفحة _c24 سم |
||
| 336 |
_2rda content _atext |
||
| 337 |
_2rda media _aComputer |
||
| 338 |
_2rda carrier _aOnline Resource |
||
| 504 | _a. 240-220 ببليوجرافيا: صفحات. | ||
| 546 | _aالنص باللغة العربية | ||
| 650 | 1 |
_aالقانون الإدارى _zالكويت _2qrmak |
|
| 650 | 1 |
_aالتنمية الإقتصادية _zالكويت |
|
| 651 | 1 | _2qrmak | |
| 856 | 4 | 0 | _uhttps://fll.law.cu.edu.eg/fulltext/bks/B07-00733.pdf |
| 905 | _a15 | ||
| 942 |
_2ddc _cBK _e21 _n0 |
||
| 999 |
_c65847 _d65847 |
||